THe Journal of the Society of Clerks-At-The-Table in Commonwealth Parliaments (Record no. 428)

MARC details
000 -LEADER
fixed length control field 00417nam a22001337a 4500
008 - FIXED-LENGTH DATA ELEMENTS--GENERAL INFORMATION
fixed length control field 230605b xxu||||| |||| 00| 0 eng d
020 ## - INTERNATIONAL STANDARD BOOK NUMBER
International Standard Book Number 0904979121
082 ## - DEWEY DECIMAL CLASSIFICATION NUMBER
Classification number 328.33
Item number SCT
245 ## - TITLE STATEMENT
Title THe Journal of the Society of Clerks-At-The-Table in Commonwealth Parliaments
Remainder of title The Table
260 ## - PUBLICATION, DISTRIBUTION, ETC. (IMPRINT)
Place of publication, distribution, etc. London
Name of publisher, distributor, etc. Society of Clerks-At-The-Table in Commonwealth Parliaments
Date of publication, distribution, etc. 2000
300 ## - PHYSICAL DESCRIPTION
Extent 213p
440 ## - SERIES STATEMENT/ADDED ENTRY--TITLE
Volume/sequential designation 68
942 ## - ADDED ENTRY ELEMENTS (KOHA)
Source of classification or shelving scheme Dewey Decimal Classification
Koha item type Books
Holdings
Withdrawn status Lost status Source of classification or shelving scheme Damaged status Not for loan Home library Current library Date acquired Total Checkouts Full call number Barcode Date last seen Price effective from Koha item type
    Dewey Decimal Classification     Bunge Tower Library Bunge Tower Library 06/05/2023   328.33 SCT 1000127 06/05/2023 06/05/2023 Books
    Dewey Decimal Classification     Bunge Tower Library Bunge Tower Library 06/05/2023   328.33 SCT 1000126 06/05/2023 06/05/2023 Books
LIBRARY OPENING HOURS

When the Parliament is sitting: 8.00a.m - 7.00p.m or until the house adjourns
Mondays and Fridays and when the House is on Recess:  8.00a.m - 5.00p.m
Closed on Weekends and Public Holidays

Online Public Access Catalog (OPAC)
Website: http://www.parliament.go.ke
Bunge Library: https://libraryir.parliament.go.ke
Contact: library@parliament.go.ke | Tel no: (254-2)2221291 or 2848000 Ext 5043